[Event "Catalunya-chT Gp2 Final"]
[Site "Barcelona"]
[Date "2024.03.09"]
[Round "1.7"]
[White "Garcia Caro, Juan Alber"]
[Black "Serra Canals, Oriol"]
[Result "1-0"]
[WhiteElo "2128"]
[BlackElo "2143"]
[PlyCount "131"]
[EventDate "2024.03.09"]
[EventType "team-k.o."]
[EventRounds "4"]
[EventCountry "ESP"]
[SourceTitle "CB25_2024"]
[SourceDate "2024.06.01"]
[SourceVersion "1"]
[SourceVersionDate "2024.06.01"]
[SourceQuality "2"]
[WhiteTeam "Olot"]
[BlackTeam "Vila Olimpica"]
[WhiteTeamCountry "ESP"]
[BlackTeamCountry "ESP"]

1. d4 e6 2. c4 Nf6 3. Nc3 Bb4 4. f3 c5 5. a3 Bxc3+ 6. bxc3 b6 7. e4 d6 8. Bd3 Bb7 9. Ne2 Qc7 10. 0-0 Nc6 11. Be3 Na5 12. Rc1 Ba6 13. Ng3 Nd7 14. Qe2 h5 15. Rf2 0-0-0 16. Nf1 f6 17. f4 e5 18. fxe5 fxe5 19. d5 Nf6 20. Bg5 Rdf8 21. Bxf6 Rxf6 22. Rxf6 gxf6 23. Ne3 Qh7 24. Rf1 Rf8 25. Rf5 Kc7 26. Qxh5 Qg7 27. Rf3 Rh8 28. Qf5 Rf8 29. Rg3 Qe7 30. Qg6 Bc8 31. Nf5 Bxf5 32. Qxf5 Nb7 33. h4 Rf7 34. Rg6 Nd8 35. Be2 Rh7 36. Bg4 b5 37. cxb5 Kb6 38. h5 Kxb5 39. Be2+ Ka4 40. Rxf6 Qb7 41. Rxd6 Qb1+ 42. Kh2 Rf7 43. Bc4 Kxa3 44. Ra6+ Kb2 45. Qxe5 Qe1 46. Qg3 Qxe4 47. Ra2+ Kc1 48. Bd3 Qf4 49. Qxf4+ Rxf4 50. Rxa7 Rh4+ 51. Kg3 Rxh5 52. Rd7 Rh8 53. Bb5 Kd2 54. c4 Ke3 55. Re7+ Kd4 56. d6 Rg8+ 57. Kf2 Rf8+ 58. Ke2 Rg8 59. d7 Rxg2+ 60. Kf3 Ra2 61. Re8 Ra8 62. Kf4 Rb8 63. Kf5 Kc3 64. Kf6 Rb6+ 65. Ke7 Nb7 66. Rb8 1-0

[Event "Catalunya-chT Gp1"]
[Site "Barcelona"]
[Date "2024.02.10"]
[Round "4.4"]
[White "Garcia Caro, Juan Alber"]
[Black "Moskalenko, Viktor"]
[Result "1/2-1/2"]
[WhiteElo "2205"]
[BlackElo "2416"]
[PlyCount "63"]
[EventDate "2024.01.20"]
[EventType "team-tourn"]
[EventRounds "7"]
[EventCountry "ESP"]
[SourceTitle "CB11_2024"]
[SourceDate "2024.03.13"]
[SourceVersion "1"]
[SourceVersionDate "2024.03.13"]
[SourceQuality "1"]
[WhiteTeam "Olot"]
[BlackTeam "Colon Sabadell"]
[WhiteTeamCountry "ESP"]
[BlackTeamCountry "ESP"]

1. d4 Nf6 2. c4 e6 3. Nc3 Bb4 4. f3 0-0 5. a3 Bxc3+ 6. bxc3 Ne8 7. Nh3 b6 8. e4 Nc6 9. a4 d6 10. Nf2 Ba6 11. Bd3 Na5 12. Qe2 c5 13. d5 Nb3 14. Rb1 Nxc1 15. Rxc1 e5 16. Ng4 Bc8 17. Ne3 g6 18. g4 Ng7 19. h4 h5 20. Kd2 Kh7 21. Qh2 Qf6 22. Rcf1 Bd7 23. Rhg1 Rae8 24. f4 exf4 25. Rxf4 Qe7 26. Qf2 hxg4 27. Rf1 Nh5 28. Rxf7+ Kg8 29. Rxe7 Rxf2+ 30. Rxf2 Rxe7 31. e5 Rxe5 32. Bxg6 1/2-1/2

[Event "Santa Eugenia op 17th"]
[Site "Santa Eugenia"]
[Date "2023.08.02"]
[Round "6"]
[White "Farre I Benseny, Miquel"]
[Black "Garcia Caro, Juan Alber"]
[Result "1/2-1/2"]
[WhiteElo "2039"]
[BlackElo "1950"]
[PlyCount "119"]
[EventDate "2023.07.31"]
[EventType "swiss"]
[EventRounds "9"]
[EventCountry "ESP"]
[SourceTitle "CBM 215 Extra"]
[Source "ChessBase"]
[SourceDate "2023.09.30"]
[SourceVersion "1"]
[SourceVersionDate "2023.09.30"]
[SourceQuality "1"]

1. e4 e6 2. d4 c5 3. c3 d5 4. exd5 exd5 5. Nf3 Nf6 6. Bb5+ Bd7 7. Bxd7+ Nbxd7 8. 0-0 Be7 9. Bg5 0-0 10. Nbd2 c4 11. Re1 Re8 12. Nf1 Ne4 13. Bxe7 Rxe7 14. Ne3 Qa5 15. b4 Qb5 16. a4 Qc6 17. Qc2 Rae8 18. Re2 g6 19. Ng4 f6 20. Rae1 h5 21. Ne3 f5 22. Nh4 Nxc3 23. Qxc3 f4 24. b5 Qd6 25. Nxc4 dxc4 26. Qxc4+ Kg7 27. Rxe7+ Rxe7 28. Rxe7+ Qxe7 29. Nf3 Nb6 30. Qb3 Qe2 31. h4 Nc4 32. Qb4 b6 33. a5 bxa5 34. Qc5 Nb6 35. Qc7+ Kf8 36. Ne5 Qa2 37. Qd8+ Kg7 38. Qe7+ Kg8 39. Qe8+ Kg7 40. Qxg6+ Kf8 41. Qh6+ Ke7 42. Qg7+ Ke8 43. Qh8+ Ke7 44. Qh7+ Kd6 45. Qg6+ Qe6 46. Qc2 Qd5 47. Qc3 Qxb5 48. Qc1 Nd5 49. Qc8 Qb1+ 50. Kh2 Nb6 51. Qc6+ Ke7 52. Ng6+ Kd8 53. d5 Qf5 54. d6 Qd7 55. Qc5 a4 56. Ne5 Qc8 57. Qb5 Qe6 58. Nc6+ Kc8 59. Nxa7+ Kb8 60. Nc6+ 1/2-1/2

[Event "ESP-ch U16"]
[Site "Salobrena"]
[Date "2022.07.25"]
[Round "1"]
[White "Garcia Caro, Juan Alber"]
[Black "Camprubi Juanola, Jordi"]
[Result "1-0"]
[WhiteElo "2140"]
[BlackElo "1720"]
[PlyCount "109"]
[EventDate "2022.07.25"]
[EventType "swiss"]
[EventRounds "9"]
[EventCountry "ESP"]
[SourceTitle "EXT 2023"]
[Source "ChessBase"]
[SourceDate "2022.10.05"]
[SourceVersion "1"]
[SourceVersionDate "2022.10.05"]
[SourceQuality "1"]

1. d4 b6 2. c4 Bb7 3. Nc3 e6 4. e4 g6 5. Be3 Bg7 6. Qd2 d6 7. 0-0-0 Nd7 8. f4 Ne7 9. Bd3 f5 10. g4 Nf6 11. gxf5 exf5 12. d5 Qd7 13. Bd4 fxe4 14. Nxe4 Nxe4 15. Bxe4 Bxd4 16. Qxd4 0-0-0 17. Ne2 Nf5 18. Bxf5 Qxf5 19. Ng3 Qf7 20. f5 Rhf8 21. Rhf1 Kb8 22. Rde1 Bc8 23. f6 Rde8 24. Rxe8 Rxe8 25. Qf4 Re5 26. Qh6 Re8 27. Qg7 Rf8 28. Kd2 Bd7 29. Qxf7 Rxf7 30. h4 Kc8 31. Ke3 h5 32. b4 Bg4 33. Rf2 Kd7 34. Kd4 c6 35. dxc6+ Kxc6 36. a3 Be6 37. Rf4 a6 38. Rf2 b5 39. c5 Rf8 40. cxd6 Kxd6 41. Ne4+ Kc6 42. Ng5 Bf5 43. f7 Kd6 44. Re2 Bd7 45. Re5 Kc6 46. Re7 Kd6 47. Re5 Kc6 48. Rd5 Bf5 49. Ke5 Bb1 50. Rc5+ Kd7 51. Kf6 Ba2 52. Kg7 Ke7 53. Re5+ Kd6 54. Re2 Bxf7 55. Kxf8 1-0

[Event "Figueres Region-ch"]
[Site "Figueres	"]
[Date "2021.11.06"]
[Round "6"]
[White "Garcia Caro, Juan Alber"]
[Black "Valle Luis, Leo"]
[Result "1-0"]
[WhiteElo "1911"]
[BlackElo "1851"]
[PlyCount "55"]
[EventDate "2021.09.25"]
[EventType "swiss"]
[EventRounds "9"]
[EventCountry "ESP"]
[SourceTitle "EXT 2023"]
[Source "ChessBase"]
[SourceDate "2022.10.05"]
[SourceVersion "1"]
[SourceVersionDate "2022.10.05"]
[SourceQuality "1"]

1. e4 d5 2. exd5 Qxd5 3. Nc3 Qa5 4. d4 Nf6 5. Bc4 c6 6. Nf3 e6 7. 0-0 Be7 8. Re1 0-0 9. Ne4 Nbd7 10. Bd3 Qc7 11. Bg5 b6 12. Qe2 Re8 13. Ne5 Nf8 14. Qf3 Nxe4 15. Qxf7+ Kh8 16. Rxe4 Bxg5 17. Qxc7 Re7 18. Qd6 Bb7 19. Rg4 Bf6 20. Re1 Kg8 21. h4 Rc8 22. Rf4 Ree8 23. Nd7 Rcd8 24. Nxf6+ gxf6 25. Rg4+ Kh8 26. Qg3 Nd7 27. Bxh7 c5 28. Rxe6 1-0

[Event "Santa Susanna op 15th"]
[Site "Santa Susanna"]
[Date "2021.08.05"]
[Round "8"]
[White "Cros Garcia, Marc"]
[Black "Garcia Caro, Juan Alber"]
[Result "1/2-1/2"]
[WhiteElo "1795"]
[BlackElo "1913"]
[PlyCount "112"]
[EventDate "2021.08.02"]
[EventType "swiss"]
[EventRounds "9"]
[EventCountry "ESP"]
[SourceTitle "EXT 2022"]
[Source "ChessBase"]
[SourceDate "2021.10.06"]
[SourceVersion "1"]
[SourceVersionDate "2021.10.06"]
[SourceQuality "1"]

1. e4 c5 2. Nf3 d6 3. d4 cxd4 4. Nxd4 Nf6 5. Nc3 a6 6. Be2 e6 7. 0-0 b5 8. Bf3 Ra7 9. Be3 Rd7 10. a3 Bb7 11. Qe2 Be7 12. Rad1 0-0 13. Rfe1 Qc7 14. Bc1 Rfd8 15. h4 Nc6 16. Nxc6 Bxc6 17. h5 d5 18. e5 Ne8 19. h6 g6 20. Bf4 Qb6 21. Qd2 a5 22. Bg5 Bxg5 23. Qxg5 b4 24. axb4 axb4 25. Ne2 d4 26. Bxc6 Qxc6 27. Qd2 d3 28. cxd3 Rxd3 29. Qxd3 Rxd3 30. Rxd3 Qc2 31. Rd8 Kf8 32. Nd4 Qc7 33. Rd1 Qxe5 34. Nc6 Qc7 35. Nxb4 Ke7 36. R8d7+ Qxd7 37. Rxd7+ Kxd7 38. Nd3 Kd6 39. g4 e5 40. g5 Nc7 41. f4 exf4 42. Nxf4 Ke5 43. Nh3 Kf5 44. Kf2 Kg4 45. Kg2 Nd5 46. b3 f5 47. gxf6 Nxf6 48. b4 Nd5 49. b5 Nb6 50. Kh2 Kh5 51. Kg3 Kxh6 52. Kg4 Kg7 53. Nf4 Kf6 54. Nd3 h5+ 55. Kh4 Kf5 56. Nf2 Kf4 1/2-1/2

[Event "Santa Susanna op 15th"]
[Site "Santa Susanna"]
[Date "2021.08.03"]
[Round "4"]
[White "Garcia Caro, Juan Alber"]
[Black "Flores Munoz, Daniel"]
[Result "1-0"]
[WhiteElo "1913"]
[BlackElo "1631"]
[PlyCount "41"]
[EventDate "2021.08.02"]
[EventType "swiss"]
[EventRounds "9"]
[EventCountry "ESP"]
[SourceTitle "EXT 2022"]
[Source "ChessBase"]
[SourceDate "2021.10.06"]
[SourceVersion "1"]
[SourceVersionDate "2021.10.06"]
[SourceQuality "1"]

1. d4 f5 2. Bg5 h6 3. Bh4 g5 4. e4 d6 5. Qh5+ Kd7 6. Bxg5 Qe8 7. Qh3 Qg6 8. Bf4 Ke8 9. e5 Bg7 10. Nc3 Nc6 11. 0-0-0 Bd7 12. Bc4 h5 13. Qe3 Bh6 14. Nge2 Bxf4 15. Nxf4 Qh6 16. Rhe1 a6 17. Kb1 b5 18. Bd5 e6 19. Bxc6 Bxc6 20. exd6 cxd6 21. d5 1-0

[Event "Figueres Nadal op 9th"]
[Site "Figueres"]
[Date "2020.01.05"]
[Round "7"]
[White "Garcia Caro, Juan Alber"]
[Black "Blanco Esquena, Ramon"]
[Result "1-0"]
[WhiteElo "1890"]
[BlackElo "1710"]
[PlyCount "55"]
[EventDate "2020.01.02"]
[EventType "swiss"]
[EventRounds "8"]
[EventCountry "ESP"]
[SourceTitle "CBM 194 Extra"]
[Source "ChessBase"]
[SourceDate "2020.03.31"]
[SourceVersion "1"]
[SourceVersionDate "2020.03.31"]
[SourceQuality "1"]

1. e4 d6 2. d4 Nf6 3. Nc3 e5 4. d5 Be7 5. h3 Nbd7 6. Be3 a6 7. a4 a5 8. g4 h6 9. Qd2 c6 10. 0-0-0 cxd5 11. exd5 Nb6 12. Nf3 Bd7 13. b3 Qc7 14. Nb5 Bxb5 15. Bxb5+ Kf8 16. Nxe5 Nfxd5 17. Nc4 Nxe3 18. fxe3 Nxc4 19. Bxc4 Qc5 20. Qd5 Qxd5 21. Rxd5 Bg5 22. Rxd6 Bxe3+ 23. Kb1 Ke7 24. Rd3 Bg5 25. Re1+ Kf8 26. Rd7 h5 27. Rxf7+ Kg8 28. Rf5+ 1-0

[Event "Gerunda op 3rd"]
[Site "Gerunda"]
[Date "2018.05.11"]
[Round "6"]
[White "Baig Falgueras, Marc"]
[Black "Garcia Caro, Juan Alber"]
[Result "0-1"]
[WhiteElo "1663"]
[BlackElo "1557"]
[PlyCount "58"]
[EventDate "2018.04.06"]
[EventType "swiss"]
[EventRounds "9"]
[EventCountry "ESP"]
[SourceTitle "CBM 184 Extra"]
[Source "ChessBase"]
[SourceDate "2018.06.28"]
[SourceVersion "1"]
[SourceVersionDate "2018.06.28"]
[SourceQuality "1"]

1. e4 c5 2. Nc3 Nc6 3. Bb5 Nd4 4. Bc4 g6 5. d3 Bg7 6. Nge2 b5 7. Bxb5 Nxe2 8. Kxe2 Rb8 9. a4 a6 10. Bc4 e6 11. Re1 Qh4 12. Be3 Rxb2 13. Qd2 Ne7 14. Kf1 Qxh2 15. f3 Nc6 16. Ne2 Nd4 17. Nxd4 cxd4 18. Bg1 Qh1 19. Bb3 Bh6 20. Qd1 Bf4 21. a5 h5 22. Ra4 h4 23. Rc4 Ke7 24. Rxd4 h3 25. Ke2 Qxg2+ 26. Bf2 Bg3 27. Kd2 Qxf2+ 28. Kc3 Qxe1+ 29. Qxe1 Bxe1+ 0-1

[Event "Figueres Nadal op 7th"]
[Site "Figueres"]
[Date "2017.12.30"]
[Round "8"]
[White "Gili Munoz, Daniel"]
[Black "Garcia Caro, Juan Alber"]
[Result "0-1"]
[WhiteElo "1669"]
[BlackElo "1420"]
[PlyCount "107"]
[EventDate "2017.12.27"]
[EventType "swiss"]
[EventRounds "8"]
[EventCountry "ESP"]
[SourceTitle "CBM 182 Extra"]
[Source "ChessBase"]
[SourceDate "2018.02.23"]
[SourceVersion "1"]
[SourceVersionDate "2018.02.23"]
[SourceQuality "1"]

1. e4 c5 2. Nf3 d6 3. Bb5+ Nd7 4. 0-0 e6 5. Re1 a6 6. Bxd7+ Bxd7 7. e5 d5 8. d3 Be7 9. b3 Bc6 10. Nbd2 Nh6 11. c4 0-0 12. Bb2 Qd7 13. Qe2 Nf5 14. Rac1 Rfe8 15. Red1 Rad8 16. h3 Qc7 17. cxd5 exd5 18. d4 Qb6 19. Qd3 g6 20. Nf1 Bb5 21. Qd2 a5 22. g4 Nxd4 23. Nxd4 cxd4 24. Bxd4 Qa6 25. a4 Bc6 26. Ng3 Bb4 27. Qh6 Bf8 28. Qf4 Bg7 29. h4 Re6 30. g5 Rde8 31. Re1 Qa8 32. Rc3 Qb8 33. Rce3 Qc7 34. h5 Bf8 35. Qg4 Bd7 36. Qh4 Bb4 37. Ra1 Qd8 38. Kg2 Bd2 39. Rh1 Bxe3 40. fxe3 Qc7 41. hxg6 Qc2+ 42. Kf3 Qxg6 43. Nf5 Qxf5+ 44. Qf4 Rg6 45. Qxf5 Bxf5 46. Kf4 Be4 47. Rc1 Rc6 48. Rg1 Bc2 49. Re1 Bxb3 50. Kf5 Bxa4 51. Rh1 b5 52. Kf4 Ra8 53. Rb1 b4 54. Kf5 0-1